000 00549nam a2200181Ia 4500
003 OSt
005 20260106151504.0
008 210210b1956 xxu||||| |||| 00| 0 eng d
040 _cAL
041 _aKannada
082 _a859/1442
100 _aRAVINDRANATHA THAKURA
_9150040
_dರವೀಂದ್ರನಾಥ ಠಾಕೂರ.
245 _aGeleya ninage shubodaya
_bಗೆಳೆಯ ನಿನಗೆ ಶುಭೋದಯ
260 _aBengaLUru
_bEch En Rav Bradars
_c1956
690 _aKannada Fiction
_9150041
906 _a022175
942 _2ddc
_cBK
999 _c146279
_d146279